000 00561nam a2200217Ia 4500
003 GCL
008 140319s9999 xx 000 0 eng d
040 _aGCL /
_cGCL
082 0 4 _a964
_bB M
100 1 _aBOURQIA, R.
245 1 0 _aLE MAGHREB: APPRECHES DES MECANISMES D' ARTICULATION /
_cBOURQIA, R.
700 1 _aHOPKINS, N.
260 _a[S.N] :
_bAL KALAM ،
_c1991
300 _a247 P
650 0 4 _aMACHINE - TOOLS
650 0 4 _aSOCIAL ASPECTS
650 0 4 _aMOROCCO
650 0 4 _aSOCIAL SCIENCE
650 0 4 _aPOLITICAL CULTURE
942 _2ddc
_cBK
999 _c18374
_d18374